| 000 | 00730nam a22002297a 4500 | ||
|---|---|---|---|
| 003 | DO-SdBNP | ||
| 005 | 20220601130947.0 | ||
| 007 | ta | ||
| 008 | 110301s2012 dr 000 0 spa d | ||
| 020 | _a9789945006216 | ||
| 040 |
_aDO-SdBNP _bspa _cBNPHU |
||
| 082 | 4 |
_axxxx _bM491c |
|
| 100 | 1 |
_aMedina, Oquendo _953018 _d1955- |
|
| 245 | 1 | 0 |
_aCorrupción y transparencia en la administración pública / _cOquendo Medina |
| 260 |
_aSanto Domingo : _bImpresora Soto Castillo, _c2012. |
||
| 300 |
_a189 p. : _c23 cm. |
||
| 500 | _aIncluye datos biográficos del autor en la solapa de la portada. | ||
| 500 | _aIncluye notas a pie de páginas. | ||
| 590 | _aInventariado, 2022/ YL | ||
| 910 | _aYLockward | ||
| 942 |
_2ddc _cLBS1 |
||
| 999 |
_c51881 _d51881 |
||